| 000 | 00375nam a22001457a 4500 | ||
|---|---|---|---|
| 003 | OSt | ||
| 008 | 240828b |||||||| |||| 00| 0 eng d | ||
| 020 | _a9789390713028 | ||
| 082 |
_a954 _bATA |
||
| 100 | _aALTEKAR, A. S | ||
| 245 | _aState and Government In Ancient India | ||
| 260 |
_aDelhi: _bMotilal Banarsidass Publishers, _c2021. |
||
| 300 | _axv,405p. | ||
| 942 |
_2ddc _cBK |
||
| 999 |
_c12850 _d12850 |
||